00482nam a22001337a 450000500170000000800410001704100130005808200150007110000260008624501320011226000460024430000330029065000250032320231109143813.0231109b |||||||| |||| 00| 0 eng d aEnglish  a346.2 BAR  aBarlow, TB lEnglish  aThe South African Law of Vicarious Liability in Delict and A comparison of the Principles of Other Legal Systems / cTB Barlow  aCape Town :bJuta and Company Ltd, c1939 bxxiii, 195 pages ; c25 cm.  aLegal practice bLaw